[Event "Eje Cafetero Region 3rd"]
[Site "Eje Cafetero"]
[Date "2009.03.22"]
[Round "4.18"]
[White "Estrada, Daniel"]
[Black "Ballesteros Lopez, William"]
[Result "0-1"]
[WhiteElo "1604"]
[BlackElo "1833"]
[PlyCount "42"]
[EventDate "2009.03.21"]
[EventType "swiss"]
[EventRounds "7"]
[EventCountry "COL"]
[SourceTitle "EXT 2024"]
[Source "ChessBase"]
[SourceDate "2023.10.10"]
[SourceVersion "1"]
[SourceVersionDate "2023.10.10"]
[SourceQuality "1"]

1. c4 e5 2. Nc3 Nf6 3. g3 Bb4 4. Nd5 Nxd5 5. cxd5 0-0 6. Bg2 d6 7. e3 f5 8. Ne2 Qg5 9. 0-0 Bc5 10. d4 Bb6 11. a4 a5 12. f4 Qf6 13. b3 e4 14. Ba3 Nd7 15. Rc1 Qf7 16. Nc3 Nf6 17. Rf2 Nxd5 18. Nxd5 Qxd5 19. Bf1 Qf7 20. g4 fxg4 21. Bc4 Be6 0-1